| 000 | 00390nam a2200157Ia 4500 | ||
|---|---|---|---|
| 008 | 230312s9999||||xx |||||||||||||| ||und|| | ||
| 020 | _a0-7821-2800-9 | ||
| 082 |
_a004 _bMIN-C |
||
| 100 | _aMinasi Mark | ||
| 245 | 0 | _aComplete P C | |
| 260 |
_bSYBEX _aSan Francisco _c2000 |
||
| 300 | _a1575 | ||
| 546 | _aEng. | ||
| 650 |
_aComputer _vFive easy pieces : Disassembling the PC |
||
| 942 | _cBK | ||
| 999 |
_c3388 _d3388 |
||